书目信息 |
| 题名: |
西方史学史
|
|
| 作者: | 张广智 主著 | |
| 分册: | ||
| 出版信息: | 上海 复旦大学出版社 2015 |
|
| 页数: | 14, 393页 | |
| 开本: | 23cm | |
| 丛书名: | ||
| 单 册: | ||
| 中图分类: | K091 | |
| 科图分类: | ||
| 主题词: | 史学史--西方国家--高等教育--教材 | |
| 电子资源: | ||
| ISBN: | 978-7-309-07060-6 | |
| 000 | 00744n|m0 2200241 450 | |
| 001 | 337909 | |
| 005 | 20150601083223.14 | |
| 010 | @a978-7-309-07060-6@dCNY42.00 | |
| 100 | @a20100416d2010 em y0chiy50 ea | |
| 101 | 0 | @achi |
| 102 | @aCN@b310000 | |
| 105 | @aa z 000yy | |
| 106 | @ar | |
| 200 | 1 | @a西方史学史@Axi fang shi xue shi@f张广智主编 |
| 205 | @a第3版 | |
| 210 | @a上海@c复旦大学出版社@d2015 | |
| 215 | @a14, 393页@c图@d23cm | |
| 330 | @a本书系统阐述起自古希腊迄至现当代的西方史学, 纵贯西方古典的、中世纪的、近代的和现当代史学的发展历程。 | |
| 606 | 0 | @a史学史@x西方国家@x高等教育@j教材 |
| 690 | @aK091@v5 | |
| 701 | 0 | @a张广智@Azhang guang zhi@f(1939.9)@4主著 |
| 801 | 0 | @aCN@b卓展宏图@c20150525 |
| 905 | @dK091@e65=3@f4 | |
| 西方史学史/张广智主编.-第3版.-上海:复旦大学出版社,2015 |
| 14, 393页:图;23cm |
| ISBN 978-7-309-07060-6:CNY42.00 |
| 本书系统阐述起自古希腊迄至现当代的西方史学, 纵贯西方古典的、中世纪的、近代的和现当代史学的发展历程。 |
| ● |
| 相关链接 |
|
|
|
|
正题名:西方史学史
索取号:K091/65=3
 
预约/预借
| 序号 | 登录号 | 条形码 | 馆藏地/架位号 | 状态 | 备注 |
| 1 | 856656 | 208566568 | 第二样本阅览室/ [索取号:K091/65=3] | 在馆 | |
| 2 | 856657 | 208566577 | 第二借阅区/ [索取号:K091/65=3] | 在馆 | |
| 3 | 856658 | 208566586 | 第二借阅区/ [索取号:K091/65=3] | 在馆 | |
| 4 | 856659 | 208566595 | 第二借阅区/ [索取号:K091/65=3] | 在馆 |